MDQL
is popping MORE tags! Check the
thread
!
Quizzes
Events
Quiz Creation
Community
Videos
Private Events
Remove Ads
Sign In
Join for FREE
Feedback
Dark Mode
Quiz Categories
Sports
Geography
Music
Movies
Television
Just For Fun
Miscellaneous
History
Literature
Language
Science
Gaming
Entertainment
Religion
Holiday
For Kids
Quiz Lab
Recent
Popular Today
Quiz Kudos Today
Editor Picks
Curator Picks
Quizzes by...
Day
Popularity
Type
Ratings
Length
Year
Community
Subscriptions
Recent Discussions
Orange Saloon
Badges
Playlists
Quests
Create
Leaderboards
Showdown
Live 5
Trivia Bingo
Activity
Puzzle Library
Sporcle Events
Private Events
Virtual Trivia
Globe League
Become a Host
Pub Owners
SporcleCon
Opinionation
Our Games
Videos
Blog
Mobile Apps
Partnerships
Remove Ads and Go Orange
Feedback
Sports
Athletes
MLB
NBA
NHL
NFL
Soccer
Sports Teams
WWE
NCAA
Football
Premier League
Basketball
Baseball
Hockey
Golf
Tennis
Cricket
Rugby
Auto Racing
Olympics
World Cup
Sports
Athletes
MLB
NBA
NHL
NFL
Soccer
Sports Teams
WWE
NCAA
Football
Premier League
Basketball
Baseball
Hockey
Golf
Tennis
Cricket
Rugby
Auto Racing
Olympics
World Cup
Random Quiz
Search Sporcle
×
Quiz Lab
Quiz Lab
Sports
MLB
Type in answers that appear in a list
Type in answers that appear in a list
Classic
Best Score? Go Orange.
MLB - Opening Day CF of the 2010s Stats
Can you name the opening day starting center fielders for each team from 2010-2019?
By
bayareabaseball
20m
300 Questions
1,795 Plays
1,795 Plays
1,795 Plays
Comments
Comments
Give Quiz Kudos
Give Quiz Kudos
-
- Ratings
hide this ad
Replay
Link that replays current quiz
Next Quiz
Link to next quiz in quiz playlist
You Got
0%
They Got
Avg Score
53%
Avg Friend Score
Upgrade to see
Score Distribution
Jump to the score distribution portion of the page
Score
0/300
Timer
20:00
0
Plays Today
% Correct
Adam Jones
95.9%
Adam Jones
95.9%
Adam Jones
95.9%
Adam Jones
95.9%
Adam Jones
95.9%
Adam Jones
95.9%
Adam Jones
95.6%
Adam Jones
94.6%
JaCoby Jones
94.3%
Mike Trout
94.2%
Mike Trout
94.2%
Mike Trout
94.2%
Mike Trout
94%
Mike Trout
93.6%
Adam Jones
93.3%
Mike Trout
92.3%
Lorenzo Cain
91.2%
Lorenzo Cain
91.1%
Lorenzo Cain
91.1%
Lorenzo Cain
91.1%
Lorenzo Cain
91.1%
Mike Trout
90.8%
Lorenzo Cain
90.3%
Jacoby Ellsbury
90.3%
Jacoby Ellsbury
90.3%
Jacoby Ellsbury
90.3%
Jacoby Ellsbury
90.3%
Jacoby Ellsbury
90.3%
Andrew McCutchen
90.3%
Andrew McCutchen
90.3%
Andrew McCutchen
90.3%
Andrew McCutchen
90.3%
Andrew McCutchen
90.3%
Andrew McCutchen
90.3%
Andrew McCutchen
89.9%
Billy Hamilton
89.8%
Billy Hamilton
89.7%
Billy Hamilton
89.7%
Jacoby Ellsbury
89.6%
Josh Hamilton
89.5%
Jackie Bradley
88.2%
Jackie Bradley
87.9%
Billy Hamilton
87.7%
Lorenzo Cain
87.7%
Jacoby Ellsbury
86.9%
Jackie Bradley
86.6%
Dexter Fowler
85.7%
Lorenzo Cain
85.7%
Christian Yelich
85.6%
Dexter Fowler
85.4%
Dexter Fowler
85.4%
Dexter Fowler
85.4%
Dexter Fowler
85.4%
Dexter Fowler
85.4%
Billy Hamilton
85.2%
Charlie Blackmon
84.6%
Matt Kemp
84.4%
Matt Kemp
84.4%
Matt Kemp
84.4%
Matt Kemp
84.4%
Charlie Blackmon
83.5%
Jackie Bradley
83.4%
George Springer
83.3%
Dexter Fowler
82.9%
Charlie Blackmon
82.9%
Marcell Ozuna
82.4%
Jason Heyward
82.3%
Charlie Blackmon
81.8%
Charlie Blackmon
81.8%
Starling Marte
81.6%
A.J. Pollock
81.3%
A.J. Pollock
81.3%
A.J. Pollock
81.3%
B.J. Upton
81%
B.J. Upton
81%
B.J. Upton
81%
B.J. Upton
81%
Billy Hamilton
80.9%
Marcell Ozuna
80.7%
Marcell Ozuna
80.7%
Curtis Granderson
80.5%
Curtis Granderson
80.5%
Curtis Granderson
80.5%
Kevin Pillar
79.6%
Starling Marte
79.3%
Ketel Marte
79%
Curtis Granderson
78.7%
Kevin Kiermaier
78.7%
Kevin Kiermaier
78.7%
Carlos Gomez
78.3%
Carlos Gomez
78.3%
Carlos Gomez
78.3%
Carlos Gomez
78.3%
Carlos Gomez
78.3%
Carlos Gomez
78.3%
A.J. Pollock
78.2%
Carlos Gomez
77.6%
Kevin Kiermaier
77%
Kevin Pillar
76.9%
Byron Buxton
76.9%
% Correct
Mookie Betts
76.7%
Angel Pagan
76.6%
Angel Pagan
76.6%
Angel Pagan
76.6%
Angel Pagan
76.6%
Angel Pagan
76.6%
Kevin Kiermaier
76.6%
Austin Jackson
75.9%
Austin Jackson
75.9%
Austin Jackson
75.9%
Austin Jackson
75.9%
Austin Jackson
75.9%
Austin Jackson
75.9%
Ender Inciarte
75.7%
Rajai Davis
75.6%
Byron Buxton
75.4%
Byron Buxton
75.4%
Austin Jackson
75.4%
Adam Eaton
74.7%
Adam Eaton
74.7%
Joc Pederson
74.7%
Rajai Davis
74.6%
Rajai Davis
74.6%
Rajai Davis
74.6%
Ender Inciarte
74.5%
Rajai Davis
74.2%
Kevin Kiermaier
74.2%
Joc Pederson
74.2%
Ender Inciarte
74.1%
Byron Buxton
73.9%
Brett Gardner
73.8%
A.J. Pollock
73.3%
Denard Span
73%
Denard Span
73%
Denard Span
73%
Denard Span
73%
Denard Span
73%
Kevin Pillar
72.8%
Carlos Gomez
72.5%
Denard Span
72.2%
Brett Gardner
72.2%
Adam Eaton
71.6%
Austin Jackson
71.5%
Chris Taylor
70.9%
Michael Taylor
70.7%
Ender Inciarte
70.6%
Coco Crisp
70.4%
Coco Crisp
70.4%
Coco Crisp
70.4%
Joc Pederson
69.9%
Odubel Herrera
69.8%
Shane Victorino
69.8%
Shane Victorino
69.8%
Shane Victorino
69.8%
Kevin Pillar
68.4%
A.J. Pollock
68.1%
Odubel Herrera
67.6%
Alex Gordon
67.5%
Odubel Herrera
67.1%
Dee Gordon
67.1%
Leonys Martin
66.7%
Leonys Martin
66.7%
Leonys Martin
66.7%
Leonys Martin
66.7%
Andre Ethier
66.3%
Aaron Hicks
65.4%
Denard Span
65.3%
Juan Lagares
65%
Juan Lagares
63.7%
Juan Lagares
63.7%
Leonys Martin
63.6%
Michael Brantley
63.6%
Michael Brantley
63.6%
Yoenis Cespedes
63.3%
Jon Jay
63.2%
Jon Jay
63.2%
Jon Jay
63.2%
Carlos Gonzalez
63%
Michael Bourn
62.8%
Michael Bourn
62.8%
Michael Bourn
62.8%
Michael Bourn
62.8%
Michael Bourn
62.8%
Torii Hunter
62.8%
Michael Taylor
62.6%
Ben Revere
62.3%
Ben Revere
62.3%
Jon Jay
62.2%
Ben Revere
61.6%
Chris Young
61.1%
Chris Young
61.1%
Chris Young
61.1%
Eric Young
61%
Leonys Martin
60.3%
Shin-Soo Choo
57.9%
Odubel Herrera
57.7%
Leonys Martin
56.3%
Ian Happ
56.2%
Wil Myers
55.2%
Randal Grichuk
54.3%
% Correct
Aaron Hicks
54.1%
Aaron Hicks
54.1%
Albert Almora
53.9%
Delino DeShields
52.3%
Colby Rasmus
52.2%
Colby Rasmus
52.2%
Colby Rasmus
52.2%
Colby Rasmus
52.2%
Colby Rasmus
52.2%
Jake Marisnick
52.2%
Melky Cabrera
52%
Brandon Nimmo
52%
Jacob May
51.6%
Cameron Maybin
51.6%
Cameron Maybin
51.6%
Cameron Maybin
51.6%
Cameron Maybin
51.6%
Desmond Jennings
50.5%
Desmond Jennings
50.5%
Desmond Jennings
50.5%
Harrison Bader
50%
Juan Lagares
49.8%
Jake Marisnick
48.3%
Ian Desmond
47.1%
Delino DeShields
46.6%
Grady Sizemore
46.5%
Grady Sizemore
46.5%
Leury Garcia
46.4%
Victor Robles
46.4%
Ramon Laureano
45.9%
Jake Marisnick
45.6%
Manuel Margot
45.3%
Franklin Gutierrez
44.5%
Franklin Gutierrez
44.5%
Manuel Margot
44.5%
Bradley Zimmer
43.9%
Tommy Pham
43.9%
Vernon Wells
43.6%
Peter Bourjos
43.5%
Peter Bourjos
43.5%
Peter Bourjos
43.5%
Tyler Naquin
43.1%
Delino DeShields
42.7%
Lewis Brinson
42.5%
Adam Engel
40.9%
Billy Burns
40.6%
Keon Broxton
40.4%
Keon Broxton
39.8%
Cedric Mullins
39.4%
Alex Rios
39.4%
Alex Rios
39.4%
Marlon Byrd
39.1%
Marlon Byrd
39.1%
Marlon Byrd
39.1%
Manuel Margot
38.9%
Andres Torres
38.2%
Andres Torres
38.2%
Lewis Brinson
37.4%
Chris Owings
36.5%
Drew Stubbs
36.1%
Drew Stubbs
36.1%
Aaron Rowand
35%
Mitch Haniger
34.1%
Anthony Gose
33.8%
Alejandro De Aza
32.9%
Alejandro De Aza
32.9%
Mike Cameron
31.9%
Will Venable
31.5%
Chris Dickerson
30.6%
Chris Coghlan
30%
Chris Coghlan
30%
Nyjer Morgan
29.6%
Nyjer Morgan
29.6%
Michael Saunders
28.3%
Scott Schebler
25.8%
Aaron Altherr
24.1%
David DeJesus
23.6%
Mikie Mahtook
21.3%
Nate McLouth
21.1%
Nate McLouth
21.1%
Sam Fuld
20.3%
Emilio Bonifacio
20%
Emilio Bonifacio
20%
Dalton Pompey
18.8%
Steven Duggar
18.1%
Boog Powell
17.9%
Abraham Almonte
17.4%
Rick Ankiel
17%
Rick Ankiel
17%
Gary Matthews
16.8%
Jordan Schafer
16.6%
Jordan Schafer
16.6%
Julio Borbon
16.3%
Julio Borbon
16.3%
Tony Gwynn
14.8%
Collin Cowgill
14.7%
Roger Bernadina
13.2%
Justin Maxwell
11.7%
J.B. Shuck
9%
Ryan Langerhans
8%
Quiz Playlist
Details
Report
Send in Message
Add To Playlist
Classic:
Type in answers that appear in a list
Last Updated: May 13, 2019
Quiz Scoreboard
CHALLENGE
Sign Up to Join the Scoreboard
Show All
Scores
Hide
Comments
May contain spoilers
Recently Published
Holiday 10x10 Sorting Gallery
by lukepisani3
Holiday
15m
Two Season TV Shows II
by 123Four
Television
10m
Image Sorting: Flags VI
by Barbecue
Geography
2m
More to Explore
Quiz From the Vault
Featured Blog Post
14 Easter Pick-up Lines to Find Eggs With
hide this ad
You Might Also Like...
Tags
MLB Quiz
2010
basemen
Starting
team
Today's Top Quizzes in Sports
Browse Sports
hide this ad
Today's Top Quizzes in MLB
Browse MLB
Top Contributed Quizzes in Sports
1
Les meilleurs buteurs des matchs entre le PSG et l’OM
2
Les entraîneurs de l'OM et du PSG au 21e siècle
3
2022 World Cup Stars
4
Les joueurs passés par le PSG et l'OM
5
Players with Multiple 50 Home Run Seasons
6
FIFA Club World Cup Champions
7
Top 10 NHL Goal Scorers of All Time
8
Les joueurs passés par le LOSC et le RC Lens
9
Criteria MLB: Left Handed Sluggers
10
2023 MLB Unique Player Accomplishments
Explore More
Trending Topics
Harry Potter
Anime
Crossword
Kpop
NBA
Marvel
Disney
Country
Song
Pokémon
Soccer
The Office
NFL
WWE
Puzzle
hide this ad
More By:
bayareabaseball
Quiz
Plays
Rating
Category
Featured
Created
MLB - Opening Day 1B of the 2010s
5,084
4.93
Sports
Mar 19, 2016
MLB - Opening Day P of the 2010s
3,536
4.83
Sports
Mar 26, 2016
MLB - Opening Day Catchers of the 2010s
3,511
4.85
Sports
Mar 19, 2016
MLB - Opening Day SS of the 2010s
3,154
4.67
Sports
Mar 21, 2016
MLB - Opening Day 3B of the 2010s
3,086
4.88
Sports
Mar 20, 2016
Go to Creator's Profile
Score Distribution
Quiz Creator Spotlight
bayareabaseball
Follow
Send a Message
Quizzes Created
-
Created Quiz Play Count
-
More By This Creator
Popular Quizzes Today
1
Find the US States - No Outlines Minefield
2
Colored Red Africa Blitz
3
Find the 'City' Movie
4
The Countries of the World
5
5x2 Blitz: Bands
6
Find the US States
7
Find the Countries of Europe - No Outlines Minefield
8
US States
More Sports Quizzes
A - Sports
Quiz Lab
Trending Quizzes
Colored Red Europe Blitz I
Colored Red Europe Blitz II
Colored Red Africa Blitz II
Colored Red Europe Blitz III
Colored Red Africa Blitz III
Recently Updated
Odd Team Out - Big 4 Players
pecheneg
Quick Pick: 20 Twenties
pecheneg
March Madness Men's Triple Doubles
pecheneg
How Do You Spell That?
pecheneg
Godzilla Movies
pecheneg
Grab Bag: 4-10 Letters
pecheneg
2024 March Madness Bracket
pecheneg
Famous TV Couples
Peacemaker
Champions League XIs: Real Madrid
pecheneg
Largest US Cities 1790-2010
pecheneg
Trending Topics
Anime
Harry Potter
Marvel
Crossword
NBA
Disney
Kpop
Puzzle
WWE
NFL
Soccer
Country
Pokémon
Song
The Office
Your Account Isn't Verified!
In order to create a playlist on Sporcle, you need to verify the email address you used during registration. Go to your
Sporcle Settings
to finish the process.
Report this User
Report this user for behavior that violates our
Community Guidelines
.
Details:
Send Report
Go to the Sporcle.com Mobile Site →
Comments